| Tag |
First Indicator |
Second Indicator |
Subfields |
| LEADER |
00000pam a2200000 i 4500 |
| 001 |
in00000051816 |
| 005 |
20151007074026.0 |
| 008 |
780126s1978 vaua b 00110deng |
| 010 |
|
|
|a 78001364
|
| 020 |
|
|
|z 0809423065.
|
| 020 |
|
|
|a 0809423057 (lib. bdg.)
|
| 035 |
|
|
|a (OCoLC)03650085
|
| 035 |
|
|
|9 AAF0810AM
|
| 040 |
|
|
|a DLC
|c DLC
|d TXA
|d UtOrBLW
|
| 043 |
|
|
|a n-usp--
|
| 049 |
|
|
|a TXAM [Also in] [Sp Coll]
|c 1 [1541483]
|a TXAS
|c 2 [1700361]
|
| 050 |
0 |
0 |
|a F596
|b .T52 1978
|
| 082 |
0 |
|
|a 978/.02
|
| 110 |
2 |
|
|a Time-Life Books.
|
| 245 |
1 |
4 |
|a The scouts /
|c by the editors of Time-Life Books ; with text by Keith Wheeler.
|
| 264 |
|
1 |
|a Alexandria, Va. :
|b Time-Life Books,
|c [1978]
|
| 264 |
|
4 |
|c ©1978
|
| 300 |
|
|
|a 240 pages :
|b illustrations (some color) ;
|c 28 cm.
|
| 336 |
|
|
|a text
|b txt
|2 rdacontent
|
| 337 |
|
|
|a unmediated
|b n
|2 rdamedia
|
| 338 |
|
|
|a volume
|b nc
|2 rdacarrier
|
| 490 |
1 |
|
|a The Old West
|
| 500 |
|
|
|a Includes index.
|
| 504 |
|
|
|a Bibliography: pages 235-236.
|
| 536 |
|
|
|a This book is given through the estate of M.D. "Bert" Wheeler, College Station, TX, 1999.
|
| 650 |
|
0 |
|a Scouting (Reconnaissance)
|z West (U.S.)
|x History.
|
| 650 |
|
0 |
|a Scouting (Reconnaissance)
|z West (U.S.)
|x Biography.
|
| 650 |
|
0 |
|a Frontier and pioneer life
|z West (U.S.)
|
| 651 |
|
0 |
|a West (U.S.)
|x History
|y 1848-1860.
|
| 650 |
|
0 |
|a Scouts (Reconnaissance)
|z West (U.S.)
|x History.
|
| 650 |
|
0 |
|a Scouting (Youth activity)
|z West (U.S.)
|x History.
|
| 650 |
|
0 |
|a Scouts (Youth organization members)
|z West (U.S.)
|x History.
|
| 650 |
|
0 |
|a Scouts (Reconnaissance)
|z West (U.S.)
|v Biography.
|
| 650 |
|
0 |
|a Scouting (Youth activity)
|z West (U.S.)
|x Biography.
|
| 650 |
|
0 |
|a Scouts (Youth organization members)
|z West (U.S.)
|x Biography.
|
| 700 |
1 |
|
|a Wheeler, Keith.
|
| 700 |
1 |
|
|a Miller, Alfred Jacob,
|d 1810-1874.
|
| 700 |
1 |
|
|a Remington, Frederic,
|d 1861-1909.
|
| 830 |
|
0 |
|a Old West (Alexandria, Va.)
|
| 999 |
|
|
|a MARS
|
| 999 |
f |
f |
|s 0c2d38d4-a1ba-3133-b4d7-b055ac31cd75
|i 6cc24dc3-37c3-3114-bf98-fb80ce8133a5
|t 0
|
| 952 |
f |
f |
|p normal
|a Texas A&M University
|b College Station
|c Sterling C. Evans Library
|d Evans: Library Stacks
|t 0
|e F596 .T52 1978
|h Library of Congress classification
|i unmediated -- volume
|m A14826887744
|
| 952 |
f |
f |
|p noncirc
|a Texas A&M University
|b College Station
|c Cushing Memorial Library & Archives
|d Cushing: Kelsey Illustrators (Does not check out)
|t 0
|e F596 .T52 1978
|h Library of Congress classification
|i unmediated -- volume
|m A14800346398
|
| 998 |
f |
f |
|a F596 .T52 1978
|t 0
|l Evans: Library Stacks
|
| 998 |
f |
f |
|a F596 .T52 1978
|t 0
|l Cushing: Kelsey Illustrators (Does not check out)
|